| 000 | 01001pam a2200277 i 4500 | ||
|---|---|---|---|
| 001 | 2298354 | ||
| 005 | 20000204104337.0 | ||
| 008 | 800404s1980 txua b 001 0 eng | ||
| 010 | _a 80014311 | ||
| 020 | _a0872012891 | ||
| 020 | _a9780872012899 | ||
| 040 |
_aDLC _cDLC _dDLC |
||
| 050 | 0 | 0 |
_aTN871.3 _b.S53 |
| 082 | 0 | 0 |
_a627.98 _222 _bSHE |
| 100 | 1 |
_aSheffield, Riley, _d1931- _927660 |
|
| 245 | 1 | 0 |
_aFloating Drilling : _bEquipment and Its Use / _cRiley Sheffield. |
| 260 |
_aHouston : _bGulf Pub. Co., Book Division, 1980 _cc1980. |
||
| 300 |
_aix, 257 p. : _bill. ; _c23 cm. |
||
| 490 | 0 |
_aPractical drilling technology ; v. 2 _927661 |
|
| 504 | _aIncludes bibliographical references and index. | ||
| 650 | 0 |
_aOffshore oil well drilling. _927662 |
|
| 650 | 0 |
_aDrilling platforms. _927663 |
|
| 653 |
_bpet _cOctober2011 |
||
| 942 |
_2ddc _cBB |
||
| 999 |
_c16176 _d16176 |
||